Statistics for Portuguese Music and Instruments Vocabulary

Click here to take the quiz!

General Stats

  • This quiz has been taken 42 times
  • The average score is 25 of 38

Answer Stats

HintAnswer% Correct
musicmúsica
100%
bandbanda
97%
radiorádio
97%
to singcantar
94%
(the) dancedança
94%
instrumentinstrumento
94%
notenota
94%
guitarguitarra
90%
pianopiano
90%
to dancedançar
87%
to playtocar
87%
maracasmaracás
81%
tubatuba
81%
fluteflauta
77%
drumtambor
77%
banjobanjo
74%
clarinetclarinete
74%
trombonetrombone
74%
harpharpa
68%
conductorcondutor
65%
choircoro
65%
electric guitarguitarra elétrica
65%
microphonemicrofone
65%
violinviolino
65%
songcanção
61%
saxophonesaxofone
61%
triangleferrinho
58%
playertocador
55%
ukuleleukulele
52%
xylophonexilofone
52%
drum setbateria
48%
tamborinepandeiro
42%
bassbaixo
39%
drumstickbaqueta
26%
trumpettrombeta
16%
guitar pickpalheta
10%
buglecorneta
6%
bagpipesgaita de fole
6%

Score Distribution

Percentile by Number Answered

Percent of People with Each Score

Your Score History

You have not taken this quiz